LEADER 02588nas 2200865- 450 001 996439352603316 005 20240524213014.0 035 $a(DE-599)ZDB3101390-9 035 $a(OCoLC)1239632387 035 $a(CKB)4100000011716609 035 $a(CONSER)--2023221621 035 $a(EXLCZ)994100000011716609 100 $a20210216a20219999 o-- - 101 0 $aeng 135 $aur||||||||||| 181 $ctxt$2rdacontent 182 $cc$2rdamedia 183 $acr$2rdacarrier 200 04$aThe journal of cartilage & joint preservation 210 1$a[Amsterdam] :$cElsevier, B.V.,$d[2021]- 215 $a1 online resource 300 $aRefereed/Peer-reviewed 311 $a2667-2545 517 3 $aJournal of cartilage and joint preservation 517 1 $aJCJP 531 10$aJ Cartil Jt Preserv 606 $aCartilage$vPeriodicals 606 $aMedical rehabilitation$vPeriodicals 606 $aCartilage 606 $aJoints 606 $aCartilage Diseases$xrehabilitation 606 $aJoint Diseases$xrehabilitation 606 $aOrthopedic Procedures 606 $aRehabilitation 606 $aGeneral Surgery 606 $aCartilage$vPériodiques 606 $aRéadaptation$vPériodiques 606 $aChirurgie 606 $aCartilage 606 $aRéadaptation 606 $asurgery (health care function)$2aat 606 $apardons$2aat 606 $aCartilage$2fast$3(OCoLC)fst00848014 606 $aMedical rehabilitation$2fast$3(OCoLC)fst01014582 606 $aSurgery$2fast$3(OCoLC)fst01139351 608 $aPeriodical 608 $aperiodicals.$2aat 608 $aPeriodicals.$2fast 608 $aPeriodicals.$2lcgft 608 $aPériodiques.$2rvmgf 615 0$aCartilage 615 0$aMedical rehabilitation 615 2$aCartilage 615 22$aJoints 615 22$aCartilage Diseases$xrehabilitation 615 22$aJoint Diseases$xrehabilitation 615 22$aOrthopedic Procedures 615 2$aRehabilitation 615 2$aGeneral Surgery 615 6$aCartilage 615 6$aRéadaptation 615 6$aChirurgie. 615 6$aCartilage. 615 6$aRéadaptation. 615 7$asurgery (health care function) 615 7$apardons. 615 7$aCartilage. 615 7$aMedical rehabilitation. 615 7$aSurgery. 676 $a610 712 02$aInternational Cartilage Regeneration & Joint Preservation Society, 906 $aJOURNAL 912 $a996439352603316 996 $aThe journal of cartilage & joint preservation$93396557 997 $aUNISA LEADER 02029nam0 22004573i 450 001 LO10028632 005 20251003044205.0 010 $a8820435969 100 $a20140529d1989 ||||0itac50 ba 101 | $aita 102 $ait 181 1$6z01$ai $bxxxe 182 1$6z01$an 200 1 $aFattore umano e automazione industriale$estrategia di management e sviluppo delle risorse umane per il successo dell'automazione$fAnn Majchrzak 210 $aMilano$cF. Angeli$d1989 215 $a427 p.$d24 cm 225 | $aAzienda moderna$v236 300 $aBiliogr. p. 389-427 410 0$1001CFI0006307$12001 $aAzienda moderna$v236 500 10$aˆThe ‰human side of factory automation. -$3CFI0183148$9CFIV109201$913868 606 $aAziende$xPersonale$xGestione$2FIR$3CFIC003386$9E 606 $aAziende$xAutomazione$2FIR$3CFIC080099$9I 676 $a658.3$9GESTIONE DEL PERSONALE$v23 676 $a658.31243$9$v21 676 $a658.3128$9ELEMENTI DI AMMINISTRAZIONE DEL PERSONALE. UTILIZZAZIONE DEL PERSONALE$v19 696 $aImprese 696 $aImprese$aInformatizzazione$aComputerizzazione 699 $aAziende$yImprese 699 $aAziende$yImprese 699 $aAutomazione$yInformatizzazione 699 $aAutomazione$yComputerizzazione 700 1$aMajchrzak$b, Ann$3CFIV109201$4070$089018 801 3$aIT$bIT-000000$c20140529 850 $aIT-BN0095 $aIT-NA0457 901 $bNAP BI$cSALA 2 $nLibri da 961 a 1596 901 $bNAP 01$cPOZZO LIB.$nVi sono collocati fondi di economia, periodici di ingegneria e scienze, periodici di economia e statistica e altri fondi comprendenti documenti di economia pervenuti in dono. 912 $aLO10028632 950 0$aBiblioteca Centralizzata di Ateneo$c1 v.$d 01POZZO LIB.ECON MON 8475$e 0101 0000106175E VMA 1 v. (Precedente collocazione GUERRAZZI B 914)$fB $h20080213$i20080213 977 $a 01$a BI 996 $aHuman side of factory automation$913868 997 $aUNISANNIO